Normal view
MARC view
- Howell, Troy,
Entry Personal Name
001 - CONTROL NUMBER
- control field: 8245
003 - CONTROL NUMBER IDENTIFIER
- control field: NUST
005 - DATE AND TIME OF LATEST TRANSACTION
- control field: 20180111102130.0
008 - FIXED-LENGTH DATA ELEMENTS
- fixed length control field: 180111|| aca||aabn | a|a d
040 ## - CATALOGING SOURCE
- Original cataloging agency: NUST
- Transcribing agency: NUST
100 ## - HEADING--PERSONAL NAME
- Personal name: Howell, Troy,
- Relator term: ill.
670 ## - SOURCE DATA FOUND
- Source citation: Work cat.: (NUST)0: Alcott, Louisa May, 1832-1888. 8240, Little men :, 1991.
